| 000 | 00880cam a2200253 a 4500 | ||
|---|---|---|---|
| 001 | 608218 | ||
| 003 | ARRUPE | ||
| 005 | 20160427104016.0 | ||
| 008 | 911004m19919999cau bf 000 0 eng | ||
| 010 | _a 91202598 | ||
| 040 |
_aDLC _cDLC _dDLC |
||
| 043 | _an-us--- | ||
| 050 | 0 | 0 |
_aHV1465 _b.C67 1991 |
| 082 | 0 | 0 |
_a362.6 _220 |
| 100 |
_aLodge, Brian _924100 |
||
| 245 | 0 | 0 |
_aCoping with caring : _ba guide to identifying and supporting and supporting an elderly person with dementia. _cBrian Lodge |
| 260 |
_aLondon) : _bMind, _c1981- |
||
| 300 |
_a36p. ; _c21 cm. |
||
| 504 | _aIncludes bibliographical references. | ||
| 650 | 0 |
_aDementia _924101 |
|
| 906 |
_a7 _bcbc _corignew _d2 _encip _f19 _gy-gencatlg |
||
| 942 |
_2lcc _cMONOGRAPH |
||
| 999 |
_c124705 _d124705 |
||